000 00365nam a2200157Ia 4500
005 20240807062129.0
008 240806s9999||||xx |||||||||||||| ||eng||
041 _aeng
082 _a891.433
_bSINK
100 _aSingh Kashinath
245 0 _aRehan pr ramghu /
_cSingh Kashinath
260 _bRaj Kamal New Dehli
300 _a163
650 _aHindi
942 _cBK
999 _c9395
_d9395